Quick Pick: Texas Big 4 Teams Quiz Stats

Quiz Updated Jun 28, 2016

Challenge
Share
Tweet
Embed
Score 0/8 Timer 00:30
1 Play Today
% Correct
Cowboys
94.8%
Texans
89.3%
Astros
88.6%
Rangers (MLB)
85.7%
Spurs
85.6%
Mavericks
84.3%
Rockets
82.2%
Stars
75.2%

Today's Daily Dose

You're not logged in!

Compare scores with friends on all Sporcle quizzes.
Join for Free
OR
Log In

You Might Also Like...

Show Comments

Extras

Top Quizzes Today


Score Distribution

Your Account Isn't Verified!

In order to create a playlist on Sporcle, you need to verify the email address you used during registration. Go to your Sporcle Settings to finish the process.

Report this User

Report this user for behavior that violates our Community Guidelines.

Details: